[Event "Queens-ch"]
[Site "Jamaica"]
[Date "2006.10.20"]
[Round "3"]
[White "Bauer, Andrew"]
[Black "Murphy, Thomas D"]
[Result "0-1"]
[WhiteElo "1626"]
[BlackElo "1700"]
[PlyCount "100"]
[EventDate "2006.02.26"]
[EventType "swiss"]
[EventRounds "7"]
[EventCountry "USA"]
[SourceTitle "EXT 2008"]
[Source "ChessBase"]
[SourceDate "2007.11.25"]
[SourceVersion "1"]
[SourceVersionDate "2007.11.25"]
[SourceQuality "1"]

1. e4 d6 2. d4 Nf6 3. Bd3 Nc6 4. c3 e5 5. d5 Ne7 6. Nf3 g6 7. h3 Bg7 8. Bg5 h6 9. Be3 0-0 10. 0-0 Nd7 11. c4 f5 12. Nc3 Nf6 13. exf5 gxf5 14. Nh2 c6 15. Be2 cxd5 16. cxd5 a6 17. a4 Qa5 18. Rb1 Qb4 19. Qc1 Kh7 20. Rd1 Bd7 21. g4 fxg4 22. hxg4 Bxg4 23. f3 Bf5 24. Bd3 Bxd3 25. Rxd3 Rac8 26. Qd1 Qh4 27. Rd2 Kh8 28. Rg2 Nf5 29. Bf2 Qh3 30. Ng4 Nxg4 31. Rxg4 h5 32. Rg2 Nd4 33. Rg3 Nxf3+ 34. Rxf3 Qxf3 35. Qxf3 Rxf3 36. Kg2 Rd3 37. Be1 Rc4 38. Kf2 Bh6 39. Ke2 Re3+ 40. Kd1 Rh3 41. Kc2 Rg4 42. Rd1 Kg7 43. Bd2 Rh2 44. Kc1 Rxd2 45. Rxd2 Rd4 46. Nb1 Rxd5 47. Kd1 Bxd2 48. Nxd2 e4 49. Ke2 Rxd2+ 50. Kxd2 h4 0-1